000
00296nam a22001337a 4500
008
170531b xxu||||| |||| 00| 0 eng d
020
_a
9781567656022
041
_a
eng
080
_a
94(7/8)
100
_a
17
101
_a
SHH
245
_a
UNITED STATES HISTORY
_c
NEWMAN, J.J
942
_2
udc
_c
BK
999
_c
15106
_d
15106